The long road to social security : (Record no. 74920)

MARC details
000 -LEADER
fixed length control field 01036nam a22002657a 4500
005 - DATE AND TIME OF LATEST TRANSACTION
control field 20130501114152.0
010 ## - LCCN (DPL NO)
LC control number ENG-106933
020 ## - INTERNATIONAL STANDARD BOOK NUMBER
International Standard Book Number 9780198090311
Terms of availability 995.00
020 ## - INTERNATIONAL STANDARD BOOK NUMBER
International Standard Book Number 0198090315
Terms of availability 995.00
035 ## - SYSTEM CONTROL NUMBER
System control number EN-90466
037 ## - SOURCE OF ACQUISITION
Source of stock number/acquisition DBAD/PUB
082 04 - DEWEY DECIMAL CLASSIFICATION NUMBER
Classification number 368.400954
Edition number 23
100 1# - MAIN ENTRY--PERSONAL NAME
Personal name Kannan, K. P.
Fuller form of name (Kappadath Parameswara),
Dates associated with a name 1949-
245 14 - TITLE STATEMENT
Title The long road to social security :
Remainder of title assessing the implementation of national social security initiatives for the working poor in India /
Statement of responsibility, etc edited by K.P. Kannan [and] Jan Breman
260 ## - PUBLICATION, DISTRIBUTION, ETC. (IMPRINT)
Place of publication, distribution, etc New Delhi
Name of publisher, distributor, etc Oxford University Press
Date of publication, distribution, etc 2013
270 ## - ADDRESS
Address YMCA Library Building, 1 Jai Singh Road
City New Delhi
Postal code 110001
300 ## - PHYSICAL DESCRIPTION
Extent xxiii, 542 p. :
Other physical details ill., maps ;
Dimensions 23cm(Hb)
500 ## - GENERAL NOTE
General note Includes bibliographical references.
650 #0 - SUBJECT ADDED ENTRY--TOPICAL TERM
Topical term or geographic name as entry element Social security
Geographic subdivision India.
650 #0 - SUBJECT ADDED ENTRY--TOPICAL TERM
Topical term or geographic name as entry element Working poor
Geographic subdivision India
General subdivision Economic conditions.
650 #0 - SUBJECT ADDED ENTRY--TOPICAL TERM
Topical term or geographic name as entry element Working poor
Geographic subdivision India
-- Social conditions.
700 1# - ADDED ENTRY--PERSONAL NAME
Personal name Kannan, K.P.
700 1# - ADDED ENTRY--PERSONAL NAME
Personal name Breman, Jan.
942 ## - ADDED ENTRY ELEMENTS (KOHA)
Source of classification or shelving scheme Dewey Decimal Classification
Item type English Books
Classification part 368.400954
Call number suffix LON
Holdings
Withdrawn status Lost status Not for loan Collection code Home library Current library Date acquired Source of acquisition Cost, normal purchase price Full call number Barcode Copy number Cost, replacement price Koha item type
    Not For Loan Non-fiction D.B.Act.Division D.B.Act.Division 29/04/2013 DBAD/PUB 995.00 368.400954 LON EN-90466 1 995.00 English Books

© Delhi Public Library
Hit Counter
free hit counter